|
|
|
|
| LEADER |
00000nam0a2200000 4500 |
| 001 |
35997 |
| 005 |
20231101210336.0 |
| 035 |
|
|
|a (RuTPU)RU\TPU\book\36456
|
| 035 |
|
|
|a BOOK00003108
|
| 090 |
|
|
|a 35997
|
| 100 |
|
|
|a 20011210d1983 k y0rusy50 ca
|
| 101 |
0 |
|
|a rus
|
| 102 |
|
|
|a RU
|
| 105 |
|
|
|a y z 000zy
|
| 200 |
1 |
|
|a Кинетические модели каталитических реакций
|f Г. С. Яблонский, В. И. Быков, А. Н. Горбань
|
| 210 |
|
|
|a Новосибирск
|c Наука
|d 1983
|
| 215 |
|
|
|a 253 с.
|
| 606 |
|
|
|a Химические реакции, каталитические
|2 stltpush
|3 (RuTPU)RU\TPU\subj\70733
|9 84938
|
| 610 |
1 |
|
|a химия
|
| 610 |
1 |
|
|a кинетика
|
| 610 |
1 |
|
|a гетерогенный катализ
|
| 610 |
1 |
|
|a графы
|
| 610 |
1 |
|
|a дифференциальные уравнения
|
| 610 |
1 |
|
|a теория
|
| 610 |
1 |
|
|a результаты
|
| 610 |
1 |
|
|a библиотека А. Г. Стромберга
|
| 675 |
|
|
|a 544.47
|v 3
|
| 700 |
|
1 |
|a Яблонский
|b Г. С.
|g Григорий Семенович
|
| 701 |
|
1 |
|a Быков
|b В. И.
|g Валерий Иванович
|
| 701 |
|
1 |
|a Горбань
|b А. Н.
|g Александр Николаевич
|
| 801 |
|
0 |
|a RU
|b 63413507
|c 20011210
|g PSBO
|
| 801 |
|
2 |
|a RU
|b 63413507
|c 20200613
|g PSBO
|
| 900 |
|
|
|a Моделирование сложных многокомпонентных ХП
|
| 942 |
|
|
|c BK
|